MARC

LEADER 00000nam0a2200000 4500
001 222330
005 20231101230446.0
010 |a 5120013597 
035 |a (RuTPU)RU\TPU\book\242519 
090 |a 222330 
100 |a 20120922d1990 k y0rusy50 ca 
101 0 |a rus 
102 |a UA 
105 |a a z 001zy 
200 1 |a Теория и практика поиска залежей нефти и газа с позиций их абиогенного синтеза  |e [монография]  |f В. И. Созанский  |g Академия наук Украинской ССР (АН УССР), Институт геологических наук (ИГН) 
210 |a Киев  |c Наукова думка  |d 1990 
215 |a 82 с.  |c ил. 
320 |a Библиогр.: с. 78-81. 
606 1 |a Нефтегазоносность  |x Поиски и разведка  |2 stltpush  |3 (RuTPU)RU\TPU\subj\45612  |9 64805 
610 1 |a нефтяная геология 
610 1 |a нефтегазовые ловушки 
610 1 |a глинистые породы 
610 1 |a нефтегазоносность 
610 1 |a низкопроницаемые коллекторы 
610 1 |a девон 
610 1 |a девонская нефть 
610 1 |a Днепровско-Донецкая впадина 
610 1 |a нефтяные углеводороды 
610 1 |a кристаллический фундамент 
675 |a 553.98:550.8  |v 3 
700 1 |a Созанский  |b В. И.  |g Василий Иванович 
712 0 2 |a Академия наук Украинской ССР (АН УССР)  |b Институт геологических наук (ИГН)  |c (Киев)  |2 stltpush  |3 (RuTPU)RU\TPU\col\12890 
801 1 |a RU  |b 63413507  |c 20120922 
801 2 |a RU  |b 63413507  |c 20121001  |g RCR 
942 |c BK